| 000 | 01122nam a2200229 i 4500 | ||
|---|---|---|---|
| 001 | 158962 | ||
| 003 | ES-MaACL | ||
| 005 | 20231226160300.0 | ||
| 008 | 940202s1861 sp |||| | spa d | ||
| 080 | _a130.2 | ||
| 100 | 1 |
_aMartínez de la Rosa, Francisco, _d1787-1862 _978009 |
|
| 245 | 1 | 0 | _aDiscurso pronunciado por el Excmo. Sr. D. Francisco Martínez de la Rosa el día 18 de noviembre de 1861, con motivo de la apertura de las cátedras del Ateneo Científico y Literario de esta corte. |
| 260 |
_aMadrid : _b[s.n.], _c1861 ( _fImp. de Tejado, a cargo de Rafael Ludeña) |
||
| 300 |
_a16 p. ; _c25 cm. |
||
| 530 | _aDisponible en formato digital. | ||
| 594 | _aTema del discurso: El espíritu de sistema. | ||
| 610 | 2 | 4 |
_aAteneo de Madrid- _vDiscursos de apertura- _yS.XIX. _91912 |
| 650 | 4 |
_aCivilización- _xFilosofía. _911081 |
|
| 852 | 4 |
_aES-MaACL _jT-60-F-11 _z- Enc. hol., falto de cub. original _z- Enc. en un vol. facticio |
|
| 856 | 4 |
_uhttp://www.bibliotecavirtualdeandalucia.es/catalogo/es/consulta/registro.cmd?id=8184 _zBiblioteca Virtual de Andalucía |
|
| 999 |
_c158962 _d158962 |
||